00461 a2200157 450000100060000008200150000609000170002110000220003824500530006025000060011326000220011930000220014194200250016399900190018895200960020756633 a670.42 KAL c34852d34852 aKalpakjian Serope aManufacturing engineering and technology, 5th Ed a5 aNJbPearsonc2006 axxiv, 1295 p.bHb aNUST-CAEk670.42 KAL c291706d291706 001040708NFICaCAEbCAEd2017-04-03l0o670.42 KALpCAE80055r2017-04-05w2017-04-05yBK